| 000 | 01102nac a22003257a 4500 | ||
|---|---|---|---|
| 001 | BR0703975 | ||
| 003 | BR-BrBNA | ||
| 005 | 20240105123443.0 | ||
| 008 | 230509b bl.|||m| |||| 00| 0 por d | ||
| 040 |
_aBR-BrBNA _bpor _cBiblioteca Nacional de Agricultura |
||
| 072 | _aL10 | ||
| 090 | _a5213 BR0703975 | ||
| 100 | 1 | _aBarbosa, P.F. | |
| 100 | 1 | _aBarbosa, R.T. | |
| 100 | 1 | _aEsteves, S.N. | |
| 110 | 1 |
_aCentro de Pesquisa de Pecuária do Sudeste, São Carlos, SP (Brasil) _91603 |
|
| 245 | 1 | _aIntensificação da bovinocultura de corte: Estratégias de melhoramento genético | |
| 260 | 3 |
_aSão Carlos, SP (Brasil): _c1997. |
|
| 300 | _a79 p. | ||
| 490 |
_aDocumentos - Centro de Pesquisa de Pecuária do Sudeste (Brazil) _vno. 25 _xISSN 1413-4101 |
||
| 500 | _a8 tables; Several bibliography | ||
| 650 | _aGADO DE CORTE | ||
| 650 | _aMELHORAMENTO GENÉTICO ANIMAL | ||
| 650 | _aSELEÇÃO GENÉTICA | ||
| 650 | _aCRUZAMENTO ANIMAL | ||
| 650 | _aMODELO MATEMÁTICO | ||
| 650 | _aSISTEMA DE PRODUÇÃO | ||
| 909 |
_a202312 _bLúcia Elande _c55 _dLúcia Elande |
||
| 942 |
_2AGRIS _n0 _cMS |
||
| 999 |
_c295521 _d295521 |
||